| 000 | 01156cam a2200325 a 4500 | ||
|---|---|---|---|
| 999 |
_c808 _d808 |
||
| 001 | (Sirsi) a703322 | ||
| 003 | OSt | ||
| 005 | 20191220091443.0 | ||
| 008 | 111003s2011 nyua d 000 1 eng d | ||
| 010 | _a2011017040 | ||
| 020 | _a9780316076265 (hard) : | ||
| 020 | _a0316076260 (hard) : | ||
| 040 |
_aDLC _beng _cDLC _dBTCTA _dIH9 _dOCLCQ _dCXP _dTAE |
||
| 042 | _anbic | ||
| 082 | _aFIC BOS | ||
| 100 | 1 |
_aBosch, Pseudonymous. _eauthor |
|
| 245 | 1 | 0 |
_aYou have to stop this / _cPseudonymous Bosch ; illustrations by Gilbert Ford. |
| 250 | _a1st ed. | ||
| 260 |
_aNew York : _bLittle, Brown, _cc2011. |
||
| 300 |
_a347 p. : _bill. ; _c21 cm. |
||
| 490 | 0 |
_aSecret series ; _vbk. 5. |
|
| 520 | _aWhen a mummy disappears from the local history museum while Cass and her friends Max-Ernest and Yo-Yoji are there, they try to solve the case in order to clear their names and, they hope, discover the Secret they have been seeking. | ||
| 521 | 1 | _a13-18. | |
| 650 | 0 | _aAdventure stories. | |
| 650 | 0 |
_aMummies _vFiction. |
|
| 650 | 0 |
_aMagic _vFiction. |
|
| 650 | 0 |
_aImmortality _vFiction. |
|
| 700 | 1 |
_aFord, Gilbert. _eIllustrator |
|
| 942 |
_2ddc _cFIC |
||